000 00307nam a22001337a 4500
008 170404b xxu||||| |||| 00| 0 eng d
020 _a0835956229
041 _aeng
080 _a514
100 _a9
101 _aSHM
245 _aFUNDICTION MANAGEMENT OF CULTIVATED FORAGES
_cWALTON.P.D
942 _2udc
_cBK
999 _c9630
_d9630